Libro homenaje al profesor José Antón Oneca
保存先:
| フォーマット: | 図書 |
|---|---|
| 言語: | スペイン語 |
| 出版事項: |
Salamanca
Universidad de Salamanca
1982
|
| シリーズ: | Derecho Penal. Serie Distribución, 2
|
| 主題: | |
| タグ: |
タグ追加
タグなし, このレコードへの初めてのタグを付けませんか!
|
MARC
| LEADER | 00000nam a2200000 a 4500 | ||
|---|---|---|---|
| 001 | UCT3676 | ||
| 003 | CL-VaPUC | ||
| 008 | 961024e19820000SP |||||||||||||||||spa|d | ||
| 082 | 0 | 4 | |a 345 |b LIB |2 21 |
| 245 | 1 | 0 | |a Libro homenaje al profesor José Antón Oneca |
| 300 | |a 962 p | ||
| 942 | |c BK | ||
| 945 | |d 19961024 00:00:00 |a nastorga | ||
| 260 | |a Salamanca |b Universidad de Salamanca |c 1982 | ||
| 600 | 0 | 7 | |a ONECA, JOSE ANTON |2 CL-VaPUC |9 372621 |
| 650 | 7 | |a DERECHO PENAL |2 CL-VaPUC |9 11 | |
| 650 | 0 | |a Criminología |9 256168 | |
| 650 | 0 | |a Jurisprudencia |9 255952 | |
| 650 | 0 | |a Rehabilitación |9 307382 | |
| 650 | 0 | |a Delitos |9 224143 | |
| 650 | 0 | |a Justicia |9 255408 | |
| 650 | 0 | |a Tortura |9 255793 | |
| 583 | |a last modification |c 19961024 00:00:00 |k Rodrigo Vera | ||
| 490 | 0 | |a Derecho Penal. Serie Distribución, 2 | |
| 999 | |c 253237 |d 253235 | ||
| 952 | |0 0 |1 0 |4 0 |6 345_000000000000000_LIB_1982 |7 0 |8 A |9 273899 |a BIBDER |b BIBDER |d 2019-11-19 |i 3241807 |l 2 |o 345 LIB 1982 |p 3241807 |r 2024-01-08 |s 2024-01-08 |w 2019-11-19 |y BK |k DER | ||